| 000 | 00417nam a22001697a 4500 | ||
|---|---|---|---|
| 003 | OSt | ||
| 005 | 20240905093819.0 | ||
| 007 | 1462 pages | ||
| 008 | 240905b |||||||| |||| 00| 0 eng d | ||
| 020 | _a9788193328491 | ||
| 040 | _c | ||
| 082 |
_245 _a510.2462 _bGRE |
||
| 245 |
_aHigher Engineering Mathematics _cGrewal,B.S |
||
| 250 | _a45 | ||
| 260 | _bKhanna publishers | ||
| 942 |
_2ddc _cBK _e45 _k510.2462 _mGRE _n0 |
||
| 999 |
_c36082 _d36082 |
||